Finalistes de Koh-Lanta (Saisons 1 à 31) - Statistiques

Statistiques générales
  • Ce quiz a été pris 102 fois
    64 depuis la dernière actualisation
  • Le résultat moyen est 23 sur 28
Statistiques - réponses
Saisons Finalistes % Correct
Malaisie Brice
95%
Les 4 terres Brice
95%
Thaïlande Pascal
95%
AS5 Le combat des héros Pascal
95%
Viêtnam Claude
93%
AS3 La revanche des héros Claude
93%
AS7 La légende Laurent
93%
L'île au trésor Jesta
90%
Cambodge Clémentine
88%
Johor Chantal
86%
AS2 Le choc des héros Freddy
86%
AS6 L'île des héros Ines
86%
La guerre des chefs Cindy
83%
Raja Ampat Teheiura
83%
Fidji Tiffany
83%
AS1 Le retour des héros Jade
76%
AS4 La nouvelle édition Martin
76%
Nicoya Nicolas
74%
Palau Patrick
74%
Vanuatu Emilie
71%
Pacifique Francis
71%
Le feu sacré Tania
71%
Panama Linda
69%
Les chasseurs d'Immunité Meïssa
69%
Caramoan Frédéric
67%
LADKL Guénaëlle
67%
Les armes secrète Lucie
67%
La tribu maudite Charlotte
62%
Aucun quiz correspondant
Distribution des résultats
% des personnes avec chaque résultat
Percentile par nombre de réponses
Votre historique - résultats
Vous n’avez pas pris ce quiz depuis la dernière actualisation